Jeppy in Hilton Head - Statistics

General Stats
  • This quiz has been taken 22 times
  • The average score is 8 of 17
Answers on the Grid
Answers color-coded by a green-red scale on the quiz's grid according to % correct below.
Phonecian
Sonesta
Red Fish
Bonefish
Panera
Dominic's
Big Jim's
Harbour Town
Christian Academy
Palmetto Bay Marina
Ashton Cove
Wexford
Coco's on the Beach
Wild Wing Cafe
Margaritaville
Sante Fe Cafe
Island Bagel
The Westin
The Atlantis
Savannah/Hilton Head International
Golf Galaxy
Trainer's Lab
Cookout
Harold's Diner
Outback Steakhouse
Slapfish
Burger King
South Beach Marina
Cove Long
Legends Golf
 
Answer Stats
Answer % Correct
The Westin
67%
Sonesta
58%
Ashton Cove
50%
Big Jim's
50%
Harold's Diner
50%
Red Fish
50%
Sante Fe Cafe
50%
Wexford
50%
Burger King
42%
Cookout
42%
Golf Galaxy
42%
Harbour Town
42%
Island Bagel
42%
Palmetto Bay Marina
42%
South Beach Marina
42%
Coco's on the Beach
25%
Trainer's Lab
17%
No matching quizzes found
Score Distribution
Percent of People with Each Score
Percentile by Number Answered
Your Score History
You have not taken this quiz